Làm ít hơn kiếm nhiều tiền hơn

Bí quyết kiếm tiền và kinh doanh online dành cho những ai muốn tạo ra nguồn thu nhập trực tuyến ổn định, cách giúp các nhà doanh nghiệp tận dụng Internet để mở rộng việc kinh doanh truyền thống và tạo nên nguồn thu nhập thụ động…...

Full beskrivning

Sparad:
Bibliografiska uppgifter
Huvudupphovsman: Phạm, Thị Phương Mai
Materialtyp: Bok
Språk:Undetermined
Publicerad: Hà Nội Lao động - Xã hội 2012
Ämnen:
Taggar: Lägg till en tagg
Inga taggar, Lägg till första taggen!
Thư viện lưu trữ: Trung tâm Học liệu Trường Đại học Cần Thơ
LEADER 00973nam a2200205Ia 4500
001 CTU_181013
008 210402s9999 xx 000 0 und d
020 |c 115000 
082 |a 658.11 
082 |b M103 
100 |a Phạm, Thị Phương Mai 
245 0 |a Làm ít hơn kiếm nhiều tiền hơn 
245 0 |c Phạm Thị Phương Mai, Loen Jay 
260 |a Hà Nội 
260 |b Lao động - Xã hội 
260 |c 2012 
520 |a Bí quyết kiếm tiền và kinh doanh online dành cho những ai muốn tạo ra nguồn thu nhập trực tuyến ổn định, cách giúp các nhà doanh nghiệp tận dụng Internet để mở rộng việc kinh doanh truyền thống và tạo nên nguồn thu nhập thụ động… 
650 |a Electronic commerce,Thương mại điện tử 
904 |i Nguyệt 
980 |a Trung tâm Học liệu Trường Đại học Cần Thơ